00488nam a22001817a 450000500170000001000140001702000230003102000260005403500130008003700130009308200100010610000180011624500440013426000390017827000530021730000220027065000140029220100806143347.0 aENG-98594 a9380060351c100.00 a9789380060354c100.00 aEN-82127 bDBAD/PUB a658.8 aRajendran, B. aMarketing management /cby B. Rajendran aSalembM. S. K. Publicationsc2009 a3/189-E, Athanoor Amman Kovil St.bSaleme636103 a207p.c20cm (pbk) aMarketing